Интенсификация химических процессов переработки нефтяных компонентов: межвузовский сборник научных трудов

Détails bibliographiques
Collectivité auteur: Казанский химико-технологический институт им. С. М. Кирова (КХТИ)
Autres auteurs: Лебедева Н. М. Нина Максимовна (редактор)
Langue:russe
Publié: Казань, КХТИ, 1990
Sujets:
Format: MixedMaterials Livre
KOHA link:https://koha.lib.tpu.ru/cgi-bin/koha/opac-detail.pl?biblionumber=204483

MARC

LEADER 00000nam0a2200000 4500
001 204483
005 20231031190052.0
020 |a RU  |b 91-26802 
035 |a (RuTPU)RU\TPU\book\222889 
090 |a 204483 
100 |a 20111123d1990 km y0rusy5003 ca 
101 0 |a rus 
102 |a RU 
105 |a a z 001zy 
200 1 |a Интенсификация химических процессов переработки нефтяных компонентов  |e межвузовский сборник научных трудов  |f Казанский химико-технологический институт им. С. М. Кирова (КХТИ) ; под ред. Н. М. Лебедевой 
210 |a Казань  |c КХТИ  |d 1990 
215 |a 121,[3] с.  |c ил. 
320 |a Библиогр. в конце ст. 
610 1 |a нефтепереработка 
610 1 |a интенсификация 
610 1 |a химические процессы 
610 1 |a нефтехимия 
610 1 |a окружающая среда 
610 1 |a защита 
610 1 |a высокооктановые бензины 
610 1 |a нефтяные компоненты 
610 1 |a окисление 
675 |a 665.63(082)  |z rus 
702 1 |a Лебедева  |b Н. М.  |g Нина Максимовна  |4 340 
712 0 2 |a Казанский химико-технологический институт им. С. М. Кирова (КХТИ)  |c (1935-1992)  |2 stltpush  |3 (RuTPU)RU\TPU\col\3704 
801 0 |a RU  |b RuMRKP  |c 19950417  |g psbo 
801 1 |a RU  |b 63413507  |c 20111123 
801 2 |a RU  |b 63413507  |c 20130610  |g RCR 
942 |c BK